000 01014nam a2200265Ia 4500
003 OSt
005 20220923211348.0
006 a|||||r|||| 00| 0
007 ta
008 220922b |||||||| |||| 00| 0 san d
020 _a9788185424113 (hbk)
_c500
024 _a281,872
037 _b194, 10/11/2014, Vidyanidhi Prakashan
_cTextual
040 _aARTS
_cARTS
_bsan
041 _2san
_asan
082 _aO15,1NBHI,1:g, Q2
100 _aनागर, रवीन्द्र
_9156272
245 0 _aश्रीविवेकानन्द - चरितम् और विश्वभानुः
246 _aShrīvivekānanda - charitam aur vishvabhānuah
260 _aदिल्ली
_b देववाणी परिषद्
_c2012
300 _a284पृ0
_ccm.
650 _aसंस्कृत साहित्य
942 _hO15,1NBHI,1:g, Q2
_cTEXL
_2CC
999 _c298781
_d298781